Multimedia: Guía completa
-д хадгалсан:
| Үндсэн зохиолчид: | , |
|---|---|
| Формат: | Ном |
| Хэл сонгох: | испани |
| Хэвлэсэн: |
Barcelona
Dorling Kindersley Limited
1996
|
| Хэвлэл: | 1a. ed |
| Нөхцлүүд: | |
| Шошгууд: |
Шошго нэмэх
Шошго байхгүй, Энэхүү баримтыг шошголох эхний хүн болох!
|
MARC
| LEADER | 00000nam a2200000 a 4500 | ||
|---|---|---|---|
| 001 | UCH5342 | ||
| 003 | CL-VaPUC | ||
| 008 | 091014e19960000SP |||||||||||||||||spa|d | ||
| 020 | |a 8440665822 | ||
| 082 | 0 | 4 | |a 004.6 |b ELL |2 21 |
| 100 | 0 | |a Elliot, Joe |e author |9 541642 | |
| 700 | 0 | |a Worsley, Tim |e author |9 541643 | |
| 245 | 1 | 0 | |a Multimedia: Guía completa |
| 250 | |a 1a. ed | ||
| 300 | |a 192 p | ||
| 942 | |c BK | ||
| 945 | |d 20091014 00:00:00 |a ccalabra | ||
| 260 | |a Barcelona |b Dorling Kindersley Limited |c 1996 | ||
| 500 | |a Guía completa para el usuario de los CD-Rom, la World Wide Web, la realidad virtual, los juegos en 3-D y las autopistas de la información | ||
| 650 | 7 | |a COMPUTACION |2 CL-VaPUC |9 350582 | |
| 650 | 0 | |a Redes de computadores |9 263293 | |
| 650 | 0 | |a Internet |9 254823 | |
| 650 | 0 | |a Educación |9 258661 | |
| 650 | 0 | |a Redes de información |9 230208 | |
| 650 | 0 | |a Tecnología de la información |9 254825 | |
| 650 | 0 | |a Sociedad de la información |9 417579 | |
| 650 | 0 | |a Comunicación digital |9 260754 | |
| 650 | 0 | |a Software |9 387312 | |
| 583 | |a last modification |c 20091014 00:00:00 |k Rodrigo Vera | ||
| 999 | |c 336504 |d 336502 | ||